Demonetization And the Black Economy/ (Record no. 210582)

MARC details
000 -LEADER
fixed length control field 00618nam a22001937a 4500
005 - DATE AND TIME OF LATEST TRANSACTION
control field 20250328145835.0
010 ## - LCCN (DPL NO)
LC control number ENG-144342
020 ## - INTERNATIONAL STANDARD BOOK NUMBER
International Standard Book Number 9780670090075
Terms of availability 499.00
035 ## - SYSTEM CONTROL NUMBER
System control number EN-127874
037 ## - SOURCE OF ACQUISITION
Source of stock number/acquisition DBAD
082 ## - DEWEY DECIMAL CLASSIFICATION NUMBER
Classification number 332.4954
Edition number 1
100 ## - MAIN ENTRY--PERSONAL NAME
Personal name Arun Kumar
245 ## - TITLE STATEMENT
Title Demonetization And the Black Economy/
Statement of responsibility, etc Arun Kumar
250 ## - EDITION STATEMENT
Edition statement 1
260 ## - PUBLICATION, DISTRIBUTION, ETC. (IMPRINT)
Place of publication, distribution, etc Haryana
Name of publisher, distributor, etc Penguin Random House India
Date of publication, distribution, etc 2017
270 ## - ADDRESS
Address Penguin Random House India Pvt. Ltd. 7th Floor , Infinity Tower C, DLF Cyber City
City Haryana
Postal code 122002
300 ## - PHYSICAL DESCRIPTION
Extent xvii,300p.
Dimensions 20 cm(hb)
942 ## - ADDED ENTRY ELEMENTS (KOHA)
Source of classification or shelving scheme Dewey Decimal Classification
Item type English Books
Classification part 332.4954
Call number suffix ARU
Edition 1
Holdings
Withdrawn status Lost status Not for loan Collection code Home library Current library Date acquired Source of acquisition Cost, normal purchase price Full call number Barcode Copy number Cost, replacement price Koha item type
      Non-fiction Janak Puri Janak Puri 28/03/2025 DBAD 499.00 332.4954 ARU EN-127874 1 499.00 English Books

© Delhi Public Library
Hit Counter
free hit counter